00693nam a22002052a 450000100060000000300080000600500170001400800410003103500190007204000320009104100080012308200210013110000300015224501260018226000420030830000250035061000320037565000370040765100430044449834BD-RjUL20211209054733.0160822s1930 enk 000 0 eng d a(BD-RjUL)49954 aCLUcCLUdEQOdBD-RjULbeng aeng bMUH 1930a342.421 aMuir, Ramsay,d1872-1941.10aHow Britain is governed : ba critical analysis of modern developments in the British system of government /cRamsay Muir aLondon : bConstable & CO LTD, c1930 axi, 333 p. ;c23 cm.10aGreat Britain.bParliament. 0aPolitical partieszGreat Britain 0aGreat BritainxPolitics and government